[Event "Carlos Torre Wimbledon 17th"]
[Site "Merida"]
[Date "2004.12.18"]
[Round "2.3"]
[White "Tiviakov, Sergei"]
[Black "Ivanchuk, Vassily"]
[Result "0-1"]
[WhiteElo "2617"]
[BlackElo "2705"]
[Annotator "Lukacs,P"]
[PlyCount "93"]
[EventDate "2004.12.13"]
[EventType "k.o."]
[EventRounds "4"]
[EventCountry "MEX"]
[SourceTitle "CBM 105"]
[Source "ChessBase"]
[SourceDate "2005.04.11"]
[SourceVersion "1"]
[SourceVersionDate "2005.04.11"]
[SourceQuality "1"]

{[%mdl 32]} 1. e4 e5 2. Bc4 Nf6 3. d3 Bc5 4. Nf3 O-O (4... d6) (4... Nc6 {
leads to the Italian Game.}) 5. Bg5 ({On} 5. Nxe5 $6 {Black opens up the lines
against the K in the [+].} d5 $1 6. exd5 Re8 7. f4 Bd4 $17) (5. O-O $142 {
is more flexible.} d6 6. c3 (6. Nc3 Nc6 {- C50}) 6... Bb6 (6... Nbd7 7. b4 (7.
Bb3 a6 $13) 7... Bb6 8. a4 a5 (8... c6 9. a5 Bc7 {/\ d5})) (6... Bg4 7. h3 Bh5
{This pin is usually not a big deal.} 8. Re1 (8. Nbd2 $5) 8... Nbd7 9. Nbd2 c6
10. d4 (10. Bb3 d5 11. exd5 (11. Nf1 $2 {allows Black a direct -> against ><
f2.} dxe4 12. dxe4 Qb6 $1 13. Qe2 Nxe4 $1 14. Qxe4 Bxf2+ 15. Kh1 Nf6 $36 {
Ermenkov-Barua, Calcutta 1988}) 11... cxd5 12. g4 Bg6 13. d4 (13. g5 Nh5 $13) (
13. Nxe5 Nxe5 14. Rxe5 Bxd3 $17) 13... exd4 14. cxd4 Bb6 $13 {and White has
weakened his >>.}) (10. b4 Bb6 11. Bb3 (11. a4 d5) 11... a5) 10... Bb6 11. Bb3
$11) (6... a6 {against b4} 7. d4 exd4 8. cxd4 Ba7 9. Nc3 Nxe4 10. Nxe4 d5 {
is an interesting try.}) 7. Bb3 (7. Nbd2 Bg4 (7... c6) 8. h3 Bh5 9. Re1 Nbd7
10. Nf1 c6 11. Bb3 (11. Ng3 Bg6 12. Bg5 (12. Nh4 Nxe4 $1) 12... h6) 11... Nc5
12. Bc2 Re8 13. Ng3 (13. g4 $6 {unnecessarily weakening the whole >>.} Bg6 14.
Ng3 d5 15. b4 Ncd7 16. Rb1 Nf8 {/\ Ne6 >< f4} 17. Qe2 Ne6 18. Nf5 Qc7 $15 {
and >< f4 becomes vulnerable, Nunn-Stean, Marbella 1982.}) 13... Bg6 14. Be3
Ne6 15. d4) 7... c6 8. Nbd2 Nbd7 (8... Re8 9. Re1 h6 (9... Nbd7 {- 8...Nbd7})
10. h3 Be6 11. Nf1 (11. Bxe6 Rxe6 12. Nc4 Bc7 13. Ne3 Nbd7 $11) 11... Nbd7 12.
Ng3 d5 13. Bc2 (13. Be3 Bxe3 14. Rxe3 Qc7 $11) 13... a5 14. Nh2 dxe4 15. dxe4
Bc5 $11 {Yu Shaoteng-I.Sokolov, Wijk aan Zee 2002}) 9. Re1 (9. h3 d5 10. Re1
Re8 11. Bc2 Bc7 12. Nf1 Nf8 13. Ng3 Ng6 14. Be3 {with two extra tempo for
White in a symmetrical position, and still nothing special!} (14. Qe2 Nf4 $132
{Adams-P.Nielsen, playchess.com INT 2004})) (9. d4 Re8 10. Re1 (10. Ng5 $6 {
White cannot make profit from the temporary weakness of f7.} d5 $1 11. exd5
cxd5 12. dxe5 Nxe5 13. Ndf3 Bg4 $15 {Kuijf-Finegold, Amsterdam 1989})) 9... Re8
10. Nf1 (10. d4) 10... h6 11. Ng3 d5 12. h3 (12. exd5 {giving up the [+] can
only be good if White gets something very important for it immediately.} cxd5
13. Ba4 (13. Be3 Bxe3 $11) 13... Ng4 14. d4 e4 15. h3 Ngf6 16. Nh2 Re6 $13 {
Bosboom-Finegold, Wijk aan Zee 1991}) 12... Bc7 13. Nh2 (13. Be3) 13... Nc5 14.
Bc2 dxe4 {The exchange of Q leads to an equal position.} 15. dxe4 Qxd1 16. Rxd1
Be6 17. Be3 Ncd7 18. Nhf1 Bb6 19. Rd2 {1/2-1/2 Degraeve-Finegold, Ostend 1990})
5... d6 6. Nbd2 Be6 (6... h6 7. Bh4) 7. c3 Nbd7 8. b4 $5 (8. O-O h6 9. Bh4 Qe7
$11 {and the pin is not dangerous at all.}) 8... Bb6 9. Bxe6 fxe6 10. Nc4 {
White's plan looks rather harmless, the black cental P formation is strong.} h6
11. Bd2 (11. Bh4 Qe8 12. O-O Nh5 {and the B on h4 has no more perspectives.}
13. a4 a5 $132) 11... d5 12. Nxb6 axb6 13. Qe2 c6 (13... Qe8 14. O-O Qg6 15.
Rfe1 b5 {fixing the weakness on the a file.} 16. exd5 exd5 17. Nxe5 Nxe5 18.
Qxe5 Qxd3 $11) 14. O-O Qc7 {Black has to overprotect >< e5.} (14... Qe8 15. a4
Qg6 16. Rfe1 Rae8 17. a5 $14) 15. Ne1 $6 {This is a slow, sophisticated
manoeuvre.} (15. Rfe1 Rae8 16. a4 $13 {improving the P structure on the << was
more to the point.}) 15... b5 $1 {Black has finally fixed the weak a2 P.} 16.
Nc2 dxe4 (16... Ra4 {with the idea of doubling the rooks on the a file was
promising.} 17. f3 Rfa8 18. a3 Nh5) 17. dxe4 Nb6 {The doubled pawns in the [+]
are not weak at all.} 18. Rfd1 Ra4 (18... Rfd8) 19. f3 Rfa8 20. a3 Nc4 {>< a3}
21. Bc1 $2 {White defends his weak a P passively.} ({The active} 21. Ne3 $5
Nxa3 22. Be1 $44 {playing against the N on the edge of the board deserved
attention.}) 21... Nd7 22. Rb1 Ndb6 {with a total control of the light squares
on the <<.} 23. Rd3 Kh7 24. h3 {White still sticks to his wait and see
strategy.} (24. Be3 $5 {again was the active try to get rid of the weak P, but
activating the pieces.} Nxa3 (24... Nxe3 25. Qxe3 Nc4 26. Qe1 Nxa3 27. Nxa3
Rxa3 28. Rbd1 {White is a P down, but the _|_ with rooks and Q is always very
difficult.} Qf7 29. Qg3 (29. Rd7 Qg6 30. Rxb7 Ra2 31. Qg3 Rc2 32. Rc7 Raa2 $17
{and Black has the the absolute control of the 2-nd rank.})) 25. Nxa3 Rxa3 26.
Rbd1 (26. Bxb6 Qxb6+ 27. Qf2 Qxf2+ 28. Kxf2 Ra2+ 29. Kg3 Rc2 $17) 26... Ra2 $1
(26... Nc4 27. Rd7 Qc8 28. Qe1 (28. Re7 Ra1 29. Bc1 R8a2) 28... Ra1 $15) 27.
Qe1 Rc2 $15 {/\ Raa2 with lethal threats on the 2-nd rank.}) 24... Rd8 25. Ra1
Rda8 $5 (25... Rxd3 26. Qxd3 Ra8 $15) 26. Rd1 R4a6 27. Qe1 Rd8 {Black didn't
find the clear-cut plan yet.} 28. Be3 Rxd1 29. Rxd1 (29. Qxd1 Na4 30. Qe1 Nab2
$17) 29... Nb2 $1 30. Rb1 (30. Rd2 N6c4 31. Re2 Qd6 $17) 30... N6c4 {Black's
knights are really impressive, they invade the weakened light squares on the
<<.} 31. Qe2 Ra8 $1 32. Bf2 (32. Bc1 Na4 $17 {leaving White with the bad B.})
32... Rd8 33. Be1 Rd3 34. Na1 $2 {Now the black pieces penetrate with a great
effect.} (34. Ra1 Qd8 $17) 34... Re3 $1 $19 35. Qc2 Nd3 36. Bf2 Nxa3 37. Qd2 (
37. Qa2 Nxf2 38. Qxa3 Nd3 $19) 37... Nc4 38. Qxe3 {Desperation.} Nxe3 39. Bxe3
Qc8 (39... c5 $19) 40. Nb3 b6 $1 41. Bxb6 Qa6 42. Be3 Qa2 43. Nd2 Qc2 44. Kh2
Qxc3 45. Nf1 Qc2 46. Ra1 Nxb4 47. Rc1 0-1

[Event "Tilburg Fontys"]
[Site "Tilburg"]
[Date "1998.10.30"]
[Round "7"]
[White "Adams, Michael"]
[Black "Kramnik, Vladimir"]
[Result "1/2-1/2"]
[WhiteElo "2715"]
[BlackElo "2780"]
[Annotator "Lukacs,P"]
[PlyCount "40"]
[EventDate "1998.10.23"]
[EventType "tourn"]
[EventRounds "11"]
[EventCountry "NED"]
[EventCategory "18"]
[SourceTitle "EXT 1999"]
[Source "ChessBase"]
[SourceDate "1998.11.16"]
[SourceVersion "1"]
[SourceVersionDate "1998.11.16"]
[SourceQuality "1"]

1. e4 e5 2. Bc4 Nf6 3. d3 c6 4. Nf3 d5 5. Bb3 Bd6 ({Also possible is} 5... Bb4+
{The idea is to provoke} 6. c3 {after which White cannot attack the [+] by Nc3.
} Bd6) 6. Nc3 (6. exd5 Nxd5 {See Malishov-Birnboim, ISR-ch Jerusalem 1996 CBM
56.} (6... cxd5 $6 {creates target for the white pieces:} 7. O-O Be6 (7... O-O
8. Bg5) 8. Bg5 $142 {White has to attack ><d5.} (8. Re1 {attacking ><e5 is not
that promising:} Nbd7 9. Nc3 h6 $1 10. Bd2 a6 $13 {/\ 0-0} (10... O-O $143 11.
Nb5 $1 {Here we understand the idea behind the modest Bd2.} Bb8 12. Bb4 $1 Re8
13. Nd6 Bxd6 14. Bxd6 $14 {Ortel-Pinter, Budapest 1977}) (10... g5 $5 11. Ba4 (
11. Nb5 Bb8 12. Bb4 {is now not so frightening in view of} Qb6) 11... Kf8 $1
$13)) 8... Nbd7 9. Nc3 {- 6.Nc3 Be6})) 6... dxe4 $1 (6... Be6 $6 7. Bg5 $1 Qa5
(7... Nbd7 8. O-O (8. exd5 {is premature on account of} cxd5 9. Bxd5 Bxd5 10.
Nxd5 Qa5+ 11. Nc3 Ba3 $1) 8... d4 9. Bxe6 fxe6 10. Ne2 $14 {and Black's P
structure is irrevisibly corrupted.}) 8. O-O ({Or simply} 8. Bxf6 gxf6 9. O-O
$14 {with weaknesses in the black camp.}) 8... Nbd7 9. exd5 (9. Re1 O-O 10. Nh4
$14 {/\ Qf3 Nf5 Nunn}) 9... cxd5 10. Re1 O-O 11. Qd2 $14 {Nunn-Murey, Luzern 
(ol) 1982}) (6... d4 7. Ne2 c5 (7... Na6 $6 8. c3 dxc3 9. bxc3 O-O 10. O-O Nc5
11. Bc2 Bg4 12. Ng3 $16 {Nunn-Kortchnoi, Johannesburg 1981}) 8. Ng3 Nc6 9. O-O
O-O (9... h6 $5) 10. c3 Ne7 11. Bg5 Ng6 12. Nf5 Re8 13. Nxd6 Qxd6 14. cxd4 cxd4
15. Nd2 Bd7 16. Nc4 Qa6 17. g3 b5 $1 18. Na3 Bh3 19. Re1 Qb6 $11 {
Chigvintsev-Kharitonov, RUS-ch Novosibirsk 1996}) 7. Ng5 (7. dxe4 Na6 {In this
symmetrical position Black has nothing to fear.} 8. Be3 (8. Bg5 h6 9. Bxf6 $6 {
giving up the ^^ in an opened position is a bad idea.} Qxf6 10. h3 Nc5 11. O-O
O-O $15 (11... g5 12. Nd2 h5 13. Qf3 {(Heinemann-Raetsky, Erfurt 1993)} Qxf3 $1
14. Nxf3 g4 15. hxg4 hxg4 16. Nd2 Nxb3 17. Nxb3 Ke7 $15 {^^ Raetsky})) (8. O-O
Nc5 9. h3 O-O 10. Bg5 h6 11. Bh4 g5 12. Bg3 Qe7 13. Qe2 Nxb3 (13... Nh5 $15)
14. axb3 Nh5 15. Nd2 Nf4 16. Bxf4 exf4 17. Rfe1 f6 18. Nc4 Bc7 19. e5 Bf5 $15 {
^^ Shur-Raetsky, Baku 1990}) 8... O-O (8... Qe7 {was also good for
equalization after} 9. Nd2 Bc5 10. Qe2 Bxe3 11. Qxe3 Be6 12. Bxe6 Qxe6 13.
O-O-O Nd7 14. Nb3 Qe7 15. Rd2 Nb6 16. Qg3 O-O $11 {Honfi-Kholmov, Kecskemet
1975}) 9. Qe2 (9. Nd2 $6 Ng4 $1 $15) (9. O-O Qe7 10. Qe2 Nc5) 9... Qe7 $13 {
/\ Nc5 Raetsky}) 7... O-O 8. Ncxe4 Nxe4 9. Nxe4 (9. dxe4 {gives Black even
chances:} Bb4+ 10. c3 (10. Bd2 $2 Qxg5) 10... Qxd1+ 11. Kxd1 Bc5 $11) 9... Bf5
$1 10. Qf3 (10. O-O Na6 11. Qf3 Bg6 $5 (11... Bxe4 $11) 12. Be3 Kh8 13. Rad1 $6
Be7 14. d4 f5 {Black grabs the |^ in the [+].} 15. Nc3 e4 16. Qg3 Bh5 17. f3 f4
$1 18. Qh3 Bg6 19. Bc1 e3 $17 {Bereziuk-Raetsky, Erfurt 1993}) (10. Ng3 Bg6 11.
h4 h6 12. Qg4 Kh8 13. h5 Bh7 14. Nf5 Qf6 15. Nxd6 Qxd6 16. Bd2 (16. O-O f5)
16... a5 17. a3 Nd7 18. O-O-O Nc5 $15 {Nevednichy-Raetsky, Luzern 1994}) 10...
Bxe4 (10... Bg6 $143 11. h4 Bxe4 (11... h6 12. Qg4 Kh8 13. Bd2 Bh7) 12. dxe4
Nd7 13. c3 (13. a3 Nc5 14. Ba2 Kh8) 13... Nc5 14. Bc2 Qe7 15. Bg5 f6 16. Bd2 {
White has the microscopical advantage of the ^^.} Kh8 17. O-O Ne6 18. g3 a5 (
18... b5 $14) 19. a4 Rfd8 20. Rfd1 Bc5 $14 {Kir.Georgiev-Alterman,
Recklinghauser Schachtage 1998}) 11. dxe4 Nd7 12. c3 (12. O-O Nc5 13. Bc4 b5
14. Bd3 (14. Be2 Qh4) 14... Ne6 15. c3 Bc5 $11) 12... a5 13. a4 (13. O-O {
allows} a4 14. Bc2 Nc5 $11) 13... Nc5 14. Bc2 b5 $5 ({Simple and good was also
} 14... Ne6 15. O-O Qe7 $11) 15. O-O Qc7 16. Rd1 Rab8 17. axb5 cxb5 18. g3 b4
19. cxb4 Rxb4 20. Bd2 Rxb2 1/2-1/2

[Event "Corus"]
[Site "Wijk aan Zee"]
[Date "2001.01.22"]
[Round "8"]
[White "Fedorov, Alexei"]
[Black "Kramnik, Vladimir"]
[Result "1/2-1/2"]
[WhiteElo "2575"]
[BlackElo "2772"]
[Annotator "Lukacs,P"]
[PlyCount "81"]
[EventDate "2001.01.13"]
[EventType "tourn"]
[EventRounds "13"]
[EventCountry "NED"]
[EventCategory "19"]
[SourceTitle "CBM 081"]
[Source "ChessBase"]
[SourceDate "2001.03.20"]
[SourceVersion "1"]
[SourceVersionDate "2001.03.20"]
[SourceQuality "1"]

1. e4 e5 2. Bc4 Nf6 3. d3 c6 (3... Nc6 {is the other popular possibility here})
4. Nf3 Be7 5. O-O d6 6. Bb3 Nbd7 7. c3 Nf8 $5 {Black' Philidor type of setup
involves a N manoeuvre to g6, so why to castle first?} (7... O-O) 8. Re1 ({or} 
8. Nbd2 Ng6 9. d4 O-O 10. Re1 {- 8.Re1 transposing to the game.}) 8... Ng6 9.
Nbd2 O-O 10. d4 $14 {White grabs the |^ in the [+], but Black can safely hold
the vital e5 P.} h6 (10... Qc7 11. Nf1 {with the same manoeuvre via g3.} h6 12.
Ng3 Re8 {/\ Bf8, Be6} 13. h3 Bd7 {The B is not well-placed here.} (13... Bf8)
14. Be3 Rad8 15. Qd2 Bf8 16. Rad1 {The position resembles to some Ruy Lopez
games.} Bc8 17. d5 $1 $14 (17. c4 {allows} exd4 {after which the B on b3 is
passive.} 18. Bxd4 Be7 $11) (17. Qc2 {is not a real improvement of the
position.} a6 18. a4 c5 19. dxc5 dxc5 20. Bc4 Ne7 21. Nd2 Nc6 22. Nb3 b6 23.
Rxd8 Nxd8 24. f3 Bd7 $11 {Hecht-Hess, Bundesliga 1981})) 11. Nf1 Re8 12. Ng3
Bf8 13. h3 {The symmetry is almost perfect, but the b3 B is dominant to the f8
one, as the d4 P to the d6.} Qc7 14. Be3 b6 $6 (14... Be6 {is the logical
developing move.} 15. Bxe6 (15. Bc2 {drives the B into passivity.} Rad8) 15...
Rxe6 16. d5 (16. c4 exd4 17. Nxd4 Re5 18. Qc2 Rae8 {with pressure on the
semi-opened e <->.}) 16... cxd5 17. exd5 Ree8 18. Qb3 $14 {and White has some
chances on the <<, where his P majority is.}) 15. Bc2 Ba6 {It is unusual to
see a B here, but at first sight it looks OK.} 16. b3 Rad8 17. Qb1 $1 {
avoiding the freeing move 17...d6-d5} (17. Qd2 d5 $11) 17... Bb7 {So Black has
realized, that the B didn't do much on a6.} (17... d5 $6 {is now answered by}
18. exd5 exd4 19. Bxd4 Rxe1+ 20. Nxe1 Nxd5 21. Bxg6 fxg6 22. Qxg6 $16) 18. a4 {
Now Black can hardly improve his pieces, so} d5 $5 {Otherwise Black is pushed
slowly but surely to the wall.} 19. exd5 exd4 20. Bxd4 Rxe1+ 21. Nxe1 {
Otherwise White cannot win the P.} (21. Qxe1 Nxd5 22. Bxg6 fxg6 23. Qe6+ Kh7
24. Re1 c5 $11) 21... Nxd5 22. Bxg6 (22. c4 Ndf4) (22. Nf3 Ndf4) 22... fxg6 23.
Qxg6 {White has won a P, but Black has got active pieces and ^^ in an opened
position.} (23. Nf3 c5 $15) 23... c5 (23... Nf4 $5 {deserved attention as well,
for example:} 24. Qg4 $1 (24. Qf5 Rd5 25. Qc2 c5 26. Be3 Rd8 27. Bxf4 Qxf4 $44
{^^}) (24. Qc2 c5 25. Be3 Nd5 26. Bd2 (26. Nf5 Qe5 $44) (26. Nf1 c4 $44) 26...
c4 $44) 24... Bc8 25. Qf3 (25. Nf5 $2 g6) 25... Be6 26. Be3 Nd5 27. c4 Nxe3 28.
Qxe3 Bf7 $14 {and Black has many defensive resources because of his ^^.}) 24.
Qe6+ (24. Nf5 $5 {was an alternative to fight with rook and 3 pawns versus two
pieces.} cxd4 (24... Ne7 $2 {is out of question.} 25. Nxh6+ Kh8 26. Qh5 $1 cxd4
(26... Rd5 27. Be5 $18) 27. Nf7+ Kg8 28. Ng5 $18) 25. Nxh6+ Kh8 26. Nf7+ Kg8
27. Nxd8 Qxd8 28. Qe6+ Kh8 29. cxd4 Nf4 30. Qf7 Qb8 $14) 24... Qf7 (24... Kh7
$5 25. Be5 (25. Qe4+ g6 $1 26. Be5 Qe7 27. Nh5 (27. c4 Re8 $1) 27... Nxc3 28.
Nf6+ Kg7 29. Nd5+ Kh7 30. Qxg6+ Kxg6 31. Nxe7+ Bxe7 32. Bxc3 Bg5 $44 {and the
black pieces are extremely active again.}) 25... Bd6 $5 (25... Qe7 26. Qxe7
Nxe7) 26. Bxd6 (26. Nf3 Bxe5 27. Nxe5 Rd6 28. Qf5+ g6) 26... Rxd6 27. Qe5 (27.
Qf5+ g6 28. Qc2 Re6) 27... Rd7 28. Qxc7 Nxc7 $44 {<-> d}) 25. Qxf7+ Kxf7 26.
Be5 Ne7 $1 27. c4 ({Activating the R by} 27. a5 $14 {immediately looks a bit
stronger}) 27... Nc6 28. Bc3 Bc8 29. a5 bxa5 30. Bxa5 Rd7 31. Bc3 Rb7 {>< b3}
32. Rb1 Be6 33. Rb2 Nd4 34. Bxd4 cxd4 35. Nf3 Ba3 36. Ra2 (36. Re2 {was the
other possibility to eliminate Black's ^^.} Rxb3 37. Rxe6 Rxf3 38. Ra6 Rb3 39.
Rxa7+ Kg6 40. Ne4 Kf5 41. f3 $14) 36... Rxb3 37. Nxd4 Rd3 38. Nxe6 Kxe6 {
Black's pieces are active, and his remote o^ on the a <-> secures him the draw.
} 39. Ne4 (39. Kf1 a5) 39... a5 40. f3 Bb4 41. Kf2 1/2-1/2

[Event "Sarajevo Bosnia 29th"]
[Site "Sarajevo"]
[Date "1999.05.24"]
[Round "7"]
[White "Adams, Michael"]
[Black "Shirov, Alexei"]
[Result "1/2-1/2"]
[WhiteElo "2715"]
[BlackElo "2725"]
[Annotator "Lukacs,P"]
[PlyCount "44"]
[EventDate "1999.05.17"]
[EventType "tourn"]
[EventRounds "9"]
[EventCountry "BIH"]
[EventCategory "19"]
[SourceTitle "CBM 071"]
[Source "ChessBase"]
[SourceDate "1999.08.01"]
[SourceVersion "1"]
[SourceVersionDate "1999.08.01"]
[SourceQuality "1"]

1. e4 e5 2. Bc4 {The Bishop Opening is a rare guest on top level tournaments.}
Nf6 3. d3 c6 4. Nf3 d5 5. Bb3 a5 $5 {/\ a4} (5... Bd6 {Adams-Kramnik, Tilburg
Fontys 1998 CBM 68}) (5... Bb4+ $5 6. c3 Bd6 {is another alternative provoking
c3 taking away the square from the N.}) 6. a4 (6. a3 {allows Black to gain
some space on the << thus defending >< b4.} a4 7. Ba2 Bd6 8. Nc3 Be6 $5 (8...
dxe4 {opens up the a2-g8 /^ for the B and gives up the strong central P.} 9.
Ng5 $1 {This is the annoying answer.} (9. dxe4 {gives Black good chances for
equalization.} Qe7 {/\ Be6} 10. O-O Be6 11. Nh4 {/\ Nf5} g6 {Now the N is out
of play on h4.} 12. h3 Bxa2 13. Rxa2 Nbd7 14. Ra1 Nc5 15. Re1 O-O 16. Bg5 Kg7
17. Qc1 Rfd8 18. f4 Ne6 $13 {Lane-Sadler, Lloyds Bank 1994}) 9... O-O 10. Ncxe4
Nxe4 11. Nxe4 Be7 (11... Bc7 12. Qh5 $36 {>>}) 12. Qh5 Nd7 13. O-O $14 Qe8 $2
14. f4 Ra5 15. Bd2 Rb5 16. Bc4 $1 Rxb2 17. fxe5 Rxc2 18. Rxf7 $3 $18 {
Lane-Henris, Brussels op 1995}) 9. Ng5 O-O {Surprisingly enough Black gives up
the ^^, and allows the corruption of his P structure. However, his strong
central P on d5 kills the B on a2.} 10. Nxe6 fxe6 11. O-O Kh8 12. Ne2 Nbd7 13.
Ng3 Qb6 14. Kh1 Bc5 15. Qe2 Ng8 $1 {/\ Ne7-g6} 16. f3 Ne7 17. c3 Ng6 18. Nh5
Qa6 19. Bd2 Bd6 20. Rae1 Nc5 21. Bb1 Nb3 $15 {Vlasov-Malaniuk, St. Petersburg
op 1994}) (6. Nc3 $5 Bb4 (6... d4 $6 7. Nxe5 $1 {reminds us to the classical
romantic school.} dxc3 8. Nxf7 $16 {Kasparov}) (6... dxe4 $2 7. Ng5 $1) 7. a3
Bxc3+ 8. bxc3 a4 $1 (8... Qc7 $5) (8... Nbd7 9. exd5 Nxd5 $1 10. O-O O-O 11.
Re1 $1 Re8 12. c4 $1 Ne7 13. Ng5 h6 14. Ne4 a4 15. Ba2 c5 {The B is almost
paralyzed on a2.} 16. Nd6 Rf8 17. c3 Ng6 18. Bb1 Nf6 19. Nxc8 Qxc8 20. Qf3 Re8
21. Bc2 Nh4 $1 {and White's ^^ is not that dangerous, (Kasparov-Bareev,
Linares 1993.)} 22. Qe2 Qc6 23. f3 g5 $5 (23... Nh5 $6 24. Qe4 Qf6 25. d4 $1)
24. Rf1 $1 $14 {Kasparov}) 9. Ba2 Nbd7 10. exd5 Nxd5 11. Bd2 {Now Nxc3 was a
real threat in comparision to the Kasparov-Bareev game!} O-O 12. O-O Re8 13.
Re1 h6 14. c4 N5f6 15. Bc3 e4 16. Nd2 Nc5 17. dxe4 Bg4 $1 {This combination is
based on the awkward a2B.} 18. Bxf6 (18. f3 Nfxe4 $1) 18... Qxf6 19. Qxg4 Qc3
$1 $17 {Dam-Bosboom, Leluwarden op 1993}) 6... Nbd7 (6... Bd6 7. Nc3 (7. exd5 {
giving up the [+] is not frightening for Black.} Nxd5 8. Na3 O-O 9. Nc4 Bc7)
7... Be6 (7... d4 8. Ne2 Na6 {opens up the /^ for the B on a2, but gains a lot
of space in the [+].}) 8. exd5 cxd5 9. Bg5 d4 $1 10. Bxe6 dxc3 11. Bc4 cxb2 12.
Rb1 Bb4+ 13. Nd2 Nbd7 14. O-O O-O 15. Rxb2 h6 16. Be3 Rc8 $13 {Torre-Ye
Rongguang, Kuala Lumpur 1994}) (6... Bb4+ $5 {provoking c3 is a logical idea
again.} 7. c3 Bd6 8. Bg5 dxe4 9. dxe4 Na6) 7. exd5 (7. O-O Bd6) 7... Nxd5 8.
O-O Bd6 {Black can hold his e P.} 9. Nc3 (9. Re1 O-O 10. Nbd2 Re8 11. Nc4 Bc7)
9... Nxc3 10. bxc3 O-O 11. Re1 (11. Ng5 Nf6 $1 (11... Nc5 $4 12. Qh5 $18) (
11... h6 12. Ne4) 12. Qf3 h6 13. Ne4 Nxe4 14. Qxe4 Kh8 $13 {/\ f5}) 11... Qc7
12. d4 (12. Ng5 {is again parried by} Nf6 $1 (12... Nc5 {allows the attacking}
13. Qh5 {although after} (13. Bc4 h6) 13... h6 14. Ne4 Nxb3 15. cxb3 Be7 $1 {
Black can parry the threats.} (15... f5 {however is worse due to} 16. Nxd6 Qxd6
17. Ba3 c5 18. d4 $1 exd4 19. cxd4 Qxd4 20. Rad1 Qg4 21. Qxg4 fxg4 22. Bxc5 Rf5
23. Re8+ Kh7 24. Be3 {and the pin on the eights rank is lethal for Black.})))
12... b6 13. Bb2 (13. Ba3 c5) 13... Bb7 14. c4 Rae8 (14... exd4 $2 {allows the
white Q to join the ->.} 15. Qxd4 Nf6 16. Qh4 Be7 17. c5 $1 bxc5 18. Ng5 h6 19.
Ne4 Nxe4 (19... Nd5 20. Qg4) 20. Qxe4 Bd6 21. Qg6 $18) 15. c5 $1 {Taking away
the >< c5 from the black pieces.} bxc5 16. dxe5 Nxe5 17. Nxe5 Bxe5 18. Bxe5
Rxe5 19. Qd2 Rfe8 20. Rxe5 Qxe5 21. Rb1 c4 $1 {defending >< a5} 22. Bxc4 Bc8
1/2-1/2